|
|
|
|
| LEADER |
00000naa2a2200000 4500 |
| 001 |
457507 |
| 005 |
20231101084827.0 |
| 035 |
|
|
|a (RuTPU)RU\TPU\prd\120912
|
| 035 |
|
|
|a RU\TPU\prd\8799
|
| 090 |
|
|
|a 457507
|
| 100 |
|
|
|a 20110921a2002 k y0rusy50 ca
|
| 101 |
0 |
|
|a rus
|
| 102 |
|
|
|a RU
|
| 200 |
1 |
|
|a Раздувающаяся вселенная и вакуумноподобное состояние физической среды
|f Э. Б. Глинер
|
| 225 |
1 |
|
|a Физика наших дней
|
| 320 |
|
|
|a Библиогр.: 32 назв.
|
| 461 |
|
1 |
|0 (RuTPU)RU\TPU\prd\399
|x 0042-1294
|t Успехи физических наук
|f Российская академия наук (РАН)
|d 1920-
|
| 463 |
|
1 |
|0 (RuTPU)RU\TPU\prd\120907
|t Т. 172, вып. 2
|v С. 221-227
|d 2002
|
| 610 |
1 |
|
|a вселенная
|
| 610 |
1 |
|
|a вакуумоподобное состояние
|
| 610 |
1 |
|
|a космология
|
| 610 |
1 |
|
|a фридмановская вселенная
|
| 610 |
1 |
|
|a инфляционная космология
|
| 700 |
|
1 |
|a Глинер
|b Э. Б.
|
| 801 |
|
1 |
|a RU
|b 63413507
|c 20021202
|g PSBO
|
| 801 |
|
2 |
|a RU
|b 63413507
|c 20110921
|g RCR
|
| 942 |
|
|
|c BK
|